00000000nam 2200000zi 4500
0019.947447
003CaOODSP
00520250128114410
006m     o  d f      
007cr |n|||||||||
008250128s1937    onca    o    f000 0 eng d
040 |aCaOODSP|beng|erda|cCaOODSP
043 |an-cn-bc
0861 |aA52-292/1937E-PDF
0861 |zA51-12E-PDF
1001 |aHicks, W. H., |eauthor.
24510|aExperimental Farm, Agassiz, B.C. : |bresults of experiments, 1931-1935 inclusive / |cW. H. Hicks.
24616|aReport of the Dominion Experimental Farm, Agassiz, B.C.
264 1|aOttawa : |bMinister of Agriculture, |c1937
300 |a1 online resource (31 pages) : |billustrations
336 |atext|btxt|2rdacontent
337 |acomputer|bc|2rdamedia
338 |aonline resource|bcr|2rdacarrier
500 |aDigitized edition from print [provided by Agriculture and Agri-Food Canada].
61010|aCanada. |bExperimental Farm (Agassiz, B.C.)
61015|aCanada. |bFerme expérimentale (Agassiz, C.-B.)
650 0|aAgricultural experiment stations|zBritish Columbia|zAgassiz.
650 6|aStations agronomiques|zColombie-Britannique|zAgassiz.
7101 |aCanada. |bExperimental Farm (Agassiz, B.C.), |eissuing body.
7102 |aDominion Experimental Farms and Stations (Canada), |eissuing body.
85640|qPDF|s7.47 MB|uhttps://publications.gc.ca/collections/collection_2024/aac-aafc/A51-12-1931-eng.pdf